[Event "Baku Open 2018"]
[Site "Baku"]
[Date "2018.11.25"]
[Round "2"]
[White "Abasov, Nijat"]
[Black "Ilyasli, Ughur"]
[Result "1-0"]
[WhiteElo "2629"]
[BlackElo "2092"]
[Annotator "TA"]
[PlyCount "45"]
[EventDate "2018.11.24"]
[EventType "swiss"]
[EventCountry "AZE"]
[SourceTitle "playchess.com"]
[Source "ChessBase"]
[SourceQuality "1"]

{[%evp 15,45,54,47,47,47,44,52,47,48,54,59,58,62,63,88,89,127,129,237,182,572,562,916,970,1501,1460,1408,1010,29984,6087,29989,1405]} 1. e4 e5 2. Nf3 Nc6 3. Bb5 f5 4. Nc3 fxe4 5. Nxe4 Nf6 6. Qe2 Qe7 7. O-O d5 8. Nxf6+ gxf6 9. d4 {dxe5 is the strong threat. C63: Ruy Lopez: Schliemann/Jaenisch Defence} e4 10. Nh4 f5 11. g3 {White is slightly better.} a6 $146 ({Predecessor:} 11... Bg7 12. c3 O-O 13. f3 Bd7 14. Bf4 Bxd4+ 15. cxd4 Nxd4 16. Qd2 Nxb5 17. Qxd5+ {½-½ (24) Anand,V (2772)-Sokolov,I (2663) Wijk aan Zee 2013}) 12. Bxc6+ bxc6 13. Bf4 Bg7 14. c4 {[%cal Bc2c4,Bc4d5,Bd5d6,Bd6c7][%mdl 32]} Bxd4 15. Rfd1 Bf6 16. cxd5 Bxh4 (16... Qf7 $16) 17. Qh5+ $18 (17. gxh4 Rg8+ 18. Bg5 cxd5 $14) 17... Kf8 $2 (17... Qf7 {is more resistant.} 18. Qxh4 cxd5) 18. d6 ({Not} 18. gxh4 Rg8+ 19. Kh1 Rg6 $16) ({Less strong is} 18. Qxh4 Qxh4 19. gxh4 cxd5 $14) 18... Qf7 19. Qxh4 Be6 20. dxc7 {[#] Threatening mate with Rd8+.} Bd5 21. Qd8+ {[%mdl 64] Double Attack} Qe8 22. Qf6+ (22. Rxd5 $142 cxd5 23. Qf6+ {[%mdl 64] Double Attack} Kg8 24. Be5 Qf8 25. Qxh8+ Kf7 26. Qf6+ {[%mdl 64] Double Attack} Ke8 27. Qe6+ {[%mdl 64] Double Attack} Qe7 28. Qxd5) 22... Kg8 {[#]} 23. Be5 {Accuracy: White = 70%, Black = 29%.} (23. Rxd5 $142 $1 {[%mdl 512]} cxd5 24. Be5 Qf8 25. Qxh8+ Kf7 26. Qf6+ {[%mdl 64] Double Attack} Kg8 27. Qg5+ Kf7 28. Rc1) 1-0

[Event "Baku Open 2018"]
[Site "Baku"]
[Date "2018.11.25"]
[Round "2"]
[White "Popov, Ivan"]
[Black "Samadov, Read"]
[Result "1-0"]
[WhiteElo "2590"]
[BlackElo "2029"]
[Annotator "RC"]
[PlyCount "69"]
[EventDate "2018.11.24"]
[EventType "swiss"]
[EventCountry "AZE"]
[SourceTitle "playchess.com"]
[Source "ChessBase"]
[SourceQuality "1"]
[TimeControl "40/5400+30:1800+30"]

1. e4 {[%emt 0:00:00]} e6 {[%emt 0:01:15]} 2. d4 {[%emt 0:00:00]} d5 {[%emt 0:00:13]} 3. Nd2 {[%emt 0:00:00]} a6 {[%emt 0:00:05]} 4. g3 {[%emt 0:00:15]} c5 {[%emt 0:04:34]} 5. exd5 {[%emt 0:00:15]} Qxd5 {[%emt 0:09:18]} 6. Ngf3 {[%emt 0:00:14]} cxd4 {[%emt 0:03:18]} 7. Bg2 {[%emt 0:00:12]} Nc6 {[%emt 0:02:26]} 8. O-O {[%emt 0:01:06]} d3 {[%emt 0:09:02]} 9. c3 {[%emt 0:04:47]} Qd8 {[%emt 0:03:49]} 10. Qa4 {[%emt 0:16:51]} b5 {[%emt 0:09:10]} 11. Qf4 {[%emt 0:01:32]} Bb7 {[%emt 0:09:38]} 12. Ne5 {[%emt 0:03:07]} Nxe5 {[%emt 0:01:18]} 13. Bxb7 {[%emt 0:00:08]} Ra7 {[%emt 0:01:09]} 14. Bg2 {[%emt 0:04:57]} Qc7 {[%emt 0:05:37]} 15. a4 {[%emt 0:07:30]} f6 {[%emt 0:09:08]} 16. Nb3 {[%emt 0:06:29]} Qc4 {[%emt 0:02:46]} 17. axb5 {[%emt 0:05:54]} Qxb3 {[%emt 0:03:37]} 18. Be3 {[%emt 0:02:40]} Qxb5 {[%emt 0:02:12]} 19. Bxa7 {[%emt 0:00:09]} Kf7 {[%emt 0:02:05]} 20. b4 {[%emt 0:07:47]} Bd6 {[%emt 0:02:50]} 21. Ra5 {[%emt 0:00:52]} Qd7 {[%emt 0:00:46]} 22. Rxa6 {[%emt 0:00:18]} Ne7 {[%emt 0:00:47]} 23. Rd1 {[%emt 0:03:32]} g5 {[%emt 0:02:52]} 24. Qe4 {[%emt 0:03:14]} Kg7 {[%emt 0:02:05]} 25. Bd4 {[%emt 0:01:03]} Rd8 {[%emt 0:01:33]} 26. Ra7 {[%emt 0:01:17]} Qe8 {[%emt 0:01:29]} 27. Bxe5 {[%emt 0:00:25]} Bxe5 {[%emt 0:00:10]} 28. Rxd3 {[%emt 0:00:10]} h6 {[%emt 0:00:54]} 29. b5 {[%emt 0:02:37]} Bb8 {[%emt 0:01:14]} 30. Rb7 {[%emt 0:00:52]} e5 {[%emt 0:00:34]} 31. Qb4 {[%emt 0:01:32]} Kf7 {[%emt 0:00:36]} 32. Bc6 {[%emt 0:00:59]} Qf8 {[%emt 0:00:17]} 33. Qxe7+ {[%emt 0:00:22]} Qxe7 {[%emt 0:00:05]} 34. Rxd8 {[%emt 0:00:05]} Bc7 {[%emt 0:00:07]} 35. Rd7 {[%emt 0:00:06]} 1-0

[Event "Baku Open 2018"]
[Site "Baku"]
[Date "2018.11.25"]
[Round "2"]
[White "Fier, Alexandr"]
[Black "Guliyev, Gasan"]
[Result "1-0"]
[WhiteElo "2553"]
[BlackElo "2012"]
[Annotator "TA"]
[PlyCount "113"]
[EventDate "2018.11.24"]
[EventType "swiss"]
[EventCountry "AZE"]
[SourceTitle "playchess.com"]
[Source "ChessBase"]
[SourceQuality "1"]

{[%evp 24,113,36,35,77,24,28,38,38,35,32,33,40,15,20,35,38,27,102,88,69,60,62,74,66,62,63,67,62,72,88,69,111,87,87,81,78,50,50,47,54,42,44,37,46,37,30,29,61,38,87,31,97,80,80,75,83,87,120,105,117,109,105,104,110,98,118,116,182,186,184,187,202,195,203,197,225,214,214,200,267,267,1402,1358,1402,1352,1327,970,768,831,7100,6499]} 1. e4 e6 2. d4 d5 3. Nd2 Nf6 4. e5 Nfd7 5. Bd3 c5 6. c3 Nc6 7. Ne2 Qb6 8. Nf3 cxd4 9. cxd4 f6 10. exf6 Nxf6 11. O-O Bd6 12. Nc3 O-O 13. h3 {LiveBook: 5 Games. C06: French Tarrasch: 3...Nf6 4 e5 Nfd7 5 Bd3 main lines} (13. Bg5 Bd7 14. a3 Rae8 15. Bh4 Kh8 16. Na4 Qd8 17. Nc3 Qb6 18. Bc2 Re7 19. Na4 Qc7 20. Nc3 Qb6 21. b4 Be8 22. Na4 {½-½ (45) Nevednichy,V (2545)-Farago,I (2410) Hungary 2016}) 13... Kh8 14. Na4 (14. Be3 $16) 14... Qc7 $11 15. Be3 {White has an edge.} e5 16. dxe5 Nxe5 17. Nxe5 Bxe5 18. Rc1 Qf7 19. Bc5 Rd8 $146 ({Predecessor:} 19... Re8 20. Qf3 Bd7 {1-0 (35) Forgo,E (2250)-Csizmadia,L (2185) Hungary 1995}) 20. Re1 Nd7 (20... Re8 $11) 21. Ba3 $36 {[%mdl 2048] White is in control.} Re8 22. Rc2 Qf4 23. g3 ({Not} 23. Qh5 $2 Qh2+ 24. Kf1 Qh1+ 25. Ke2 Qxe1+ $1 {[%mdl 512]} 26. Kf3 Nf6 $19) 23... Qxa4 {[#]} 24. Rxc8 $1 {[%mdl 512]} Qxd1 (24... Raxc8 25. Qxa4) 25. Rxe8+ Rxe8 26. Rxd1 {Threatens to win with Bb5.} a6 27. Kg2 Bb8 28. b3 Nf6 29. Bb2 Kg8 30. Rc1 Kf7 31. Bd4 Bd6 32. Rc2 g6 33. Be2 Ne4 34. Bg4 h5 35. Be2 Bb8 36. b4 Ng5 37. Bb6 ({White should try} 37. h4 $16 Ne4 38. b5) 37... h4 ({Better is} 37... Ne4 $14) 38. Be3 Ne6 39. Bf3 d4 40. Bd2 hxg3 41. fxg3 Re7 42. Rc8 Be5 43. Be4 Rd7 44. Bd3 Rc7 45. Rxc7+ Bxc7 {[%mdl 4096] Endgame KBB-KBN} (45... Nxc7 $16 46. a4 Bd6) 46. Kf3 $18 Nd8 47. Be4 Nc6 {[#]} 48. Bd5+ $1 Kf6 49. g4 g5 50. Ke4 Bb6 51. a4 Nd8 52. Bc1 Nf7 $2 (52... Nc6 53. Bd2 Bd8) 53. Bxf7 {[%mdl 64] Overworked Piece. White is clearly winning.} Kxf7 54. Bxg5 Kg6 55. Bc1 Bd8 56. Kxd4 b5 57. axb5 {Accuracy: White = 61%, Black = 38%.} 1-0

[Event "Baku Open 2018"]
[Site "Baku"]
[Date "2018.11.25"]
[Round "2"]
[White "Sanikidze, Tornike"]
[Black "Ahadzade, Kanan"]
[Result "*"]
[WhiteElo "2512"]
[BlackElo "1977"]
[Annotator "ChessBase"]
[PlyCount "95"]
[EventDate "2018.11.24"]
[EventType "swiss"]
[EventCountry "AZE"]
[SourceTitle "playchess.com"]
[Source "ChessBase"]
[SourceQuality "1"]
[TimeControl "40/5400+30:1800+30"]

1. d4 {[%emt 0:00:00]} Nf6 {[%emt 0:09:47]} 2. c4 {[%emt 0:00:37]} e5 {[%emt 0:01:20]} 3. dxe5 {[%emt 0:01:28]} Ng4 {[%emt 0:01:29]} 4. Bf4 {[%emt 0:01:39]} Bb4+ {[%emt 0:00:07]} 5. Nd2 {[%emt 0:00:17]} Nc6 {[%emt 0:00:11]} 6. Ngf3 {[%emt 0:01:02]} Qe7 {[%emt 0:00:37]} 7. e3 {[%emt 0:01:43]} Ngxe5 {[%emt 0:01:06]} 8. Nxe5 {[%emt 0:03:53]} Nxe5 {[%emt 0:00:06]} 9. a3 {[%emt 0:00:20]} Bxd2+ {[%emt 0:00:21]} 10. Qxd2 {[%emt 0:00:06]} d6 {[%emt 0:00:03]} 11. c5 {[%emt 0:24:06]} dxc5 {[%emt 0:08:34]} 12. Qd5 {[%emt 0:00:12]} f6 {[%emt 0:05:25]} 13. Rc1 {[%emt 0:20:34]} c6 {[%emt 0:02:28]} 14. Qxc5 {[%emt 0:02:15]} Qxc5 {[%emt 0:00:35]} 15. Rxc5 {[%emt 0:00:06]} Nf7 {[%emt 0:01:12]} 16. Bd3 {[%emt 0:02:26]} Be6 {[%emt 0:02:04]} 17. Ke2 {[%emt 0:02:00]} Ke7 {[%emt 0:05:59]} 18. Rd1 {[%emt 0:01:47]} Rad8 {[%emt 0:04:36]} 19. h3 {[%emt 0:04:20]} h6 {[%emt 0:02:05]} 20. f3 {[%emt 0:11:07]} Rd7 {[%emt 0:02:59]} 21. Bg6 {[%emt 0:00:33]} Rxd1 {[%emt 0:01:38]} 22. Kxd1 {[%emt 0:00:03]} Rd8+ {[%emt 0:00:15]} 23. Ke2 {[%emt 0:00:46]} Rd5 {[%emt 0:04:12]} 24. Rxd5 {[%emt 0:03:06]} cxd5 {[%emt 0:01:49]} 25. Bc2 {[%emt 0:03:34]} Ne5 {[%emt 0:02:19]} 26. b3 {[%emt 0:00:02]} Bd7 {[%emt 0:00:23]} 27. a4 {[%emt 0:01:01]} Nc6 {[%emt 0:03:51]} 28. Kd2 {[%emt 0:00:12]} b5 {[%emt 0:03:17]} 29. Bc7 {[%emt 0:03:22]} Nb4 {[%emt 0:02:54]} 30. Bd1 {[%emt 0:00:01]} Na6 {[%emt 0:01:01]} 31. Ba5 {[%emt 0:00:21]} Ke6 {[%emt 0:02:10]} 32. b4 {[%emt 0:08:23]} bxa4 {[%emt 0:03:18]} 33. Be2 {[%emt 0:00:04]} Bc8 {[%emt 0:01:12]} 34. Kc3 {[%emt 0:00:49]} Nb8 {[%emt 0:02:52]} 35. Bc7 {[%emt 0:02:56]} Na6 {[%emt 0:02:05]} 36. Ba5 {[%emt 0:01:15]} Nb8 {[%emt 0:00:15]} 37. b5 {[%emt 0:00:12]} Nd7 {[%emt 0:00:54]} 38. Bc7 {[%emt 0:00:06]} Bb7 {[%emt 0:03:55]} 39. Kb4 {[%emt 0:00:52]} Nb6 {[%emt 0:01:16]} 40. Bb8 {[%emt 0:00:00]} Nc8 {[%emt 0:00:00]} 41. Kxa4 {[%emt 0:01:24]} f5 {[%emt 0:12:06]} 42. Kb4 {[%emt 0:00:20]} g5 {[%emt 0:03:30]} 43. g4 {[%emt 0:05:38]} fxg4 {[%emt 0:02:43]} 44. hxg4 {[%emt 0:00:07]} Nb6 {[%emt 0:01:26]} 45. Bxa7 {[%emt 0:00:23]} Nc4 {[%emt 0:00:29]} 46. Bxc4 {[%emt 0:04:04]} dxc4 {[%emt 0:00:02]} 47. e4 {[%emt 0:00:07]} Ke5 {[%emt 0:02:42]} 48. Be3 {[%emt 0:00:15]} *

[Event "Baku Open 2018"]
[Site "Baku"]
[Date "2018.11.25"]
[Round "2"]
[White "Bayramov, Elkhan"]
[Black "Guseinov, Gadir"]
[Result "0-1"]
[WhiteElo "2133"]
[BlackElo "2664"]
[Annotator "TA"]
[PlyCount "130"]
[EventDate "2018.11.24"]
[EventType "swiss"]
[EventCountry "AZE"]
[SourceTitle "playchess.com"]
[Source "ChessBase"]
[SourceQuality "1"]

{[%evp 23,130,22,27,8,6,6,24,12,20,12,17,6,18,0,26,23,24,28,42,7,37,29,109,122,95,117,100,112,107,97,114,137,422,414,429,233,203,82,81,101,96,92,174,0,0,0,0,0,44,-6,-12,-29,-27,-24,0,-234,-240,-205,-231,-284,-134,-105,0,0,0,0,0,0,0,0,0,0,0,-6,0,0,0,-11,0,-3,0,-8,-8,-152,-138,-132,-93,-394,-375,-602,-613,-1267,-1320,-1219,-1228,-1145,-952,-2267,-2179,-2147,-2089,-1811,-1633,-1323,-1313,-1054,-906,-6087,-5375]} 1. e4 c5 2. Nf3 Nc6 3. d4 cxd4 4. Nxd4 Nf6 5. Nc3 d6 6. Bc4 Bd7 7. O-O g6 8. h3 Bg7 9. Be3 O-O 10. Bb3 Rc8 11. f4 Qc7 {B72: Sicilian Dragon: 6 Be3, lines with h3+Bc4 and sidelines} (11... Qa5 12. Qf3 Nxd4 13. Bxd4 Bc6 14. Rae1 Nd7 15. Bxg7 Kxg7 16. Nd5 Rfe8 17. c3 Qc5+ 18. Rf2 a5 19. f5 Kh8 20. Nf4 Ne5 21. Qe3 Qxe3 22. Rxe3 {0-1 (42) Gdanski,J (2523)-Zhigalko,A (2551) Warsaw 2008}) 12. Qf3 a6 {LiveBook: 3 Games} 13. g4 $146 ({Predecessor:} 13. Rad1 Na5 14. Nd5 Nxd5 15. exd5 Nxb3 16. cxb3 Qa5 17. a3 b5 18. Qe4 Rfe8 19. f5 {1-0 (38) Meglic,J (1961)-Markocic,S (1725) Portoroz 2017}) 13... Nxd4 {The position is equal.} 14. Bxd4 Bc6 {Black wants to play ...Nxe4.} 15. Rad1 Nd7 16. Bxg7 Kxg7 17. Rf2 b5 18. Bd5 Nb6 19. Bxc6 Qxc6 20. f5 {aiming for f6+.} f6 21. Ne2 Rf7 22. Nd4 Qc4 (22... Qb7 $11) 23. b3 $16 Qc3 24. Rd3 $1 $36 {[%cal Rd3c3][%mdl 2048] White has strong initiative.} Qa1+ 25. Rf1 Qb2 26. fxg6 hxg6 27. e5 $1 {[%cal Re5e6]} dxe5 $2 {[%mdl 8192]} (27... Nd7 $16 {might work better.}) 28. Ne6+ $18 Kh7 {[#]} 29. Ng5+ $1 {[%mdl 512]} Kg8 (29... fxg5 30. Qxf7+) 30. Nxf7 (30. c3 $1 $18) 30... Kxf7 $16 31. c3 $1 Qa3 32. b4 {Hoping for Rd6!} Qxa2 {[#]} (32... Rc4 $16 33. Re1 e4 34. Rxe4 Rxe4 35. Qxe4 Qc1+ 36. Kf2 Nc4) 33. Qe3 $2 (33. Rd6 $1 $18 {[%cal Rd6b6][%mdl 512]} exd6 34. Qxf6+ {[%mdl 64] Double Attack} Ke8 35. Qg7) 33... Qc4 $11 {Threatens to win with ...Nd5.} 34. Rfd1 e4 35. R3d2 Qc7 36. Rg2 {[%mdl 1024] White has compensation.} Na4 37. Rc2 Qb6 38. Rd4 Rc4 39. Qf2 $2 (39. Rcd2 $1 $11 {and White is okay.}) 39... Rxc3 $19 40. Rxc3 Nxc3 {[%mdl 4096] Endgame KQR-KQN} 41. Kf1 Qc6 (41... a5 $19 {is more deadly.} 42. bxa5 Qxa5) 42. Qe3 $17 {[#]} g5 {[#]} ({Black should try} 42... a5 $1 $17 43. bxa5 Qc5) 43. h4 $1 $11 {[%mdl 512]} e6 (43... gxh4 44. Qh6) 44. hxg5 Nd5 45. Qxe4 {Black must now prevent Qh7+.} Qc1+ 46. Kg2 Qxg5 47. Qh7+ Qg7 48. Qb1 Qh6 {Strongly threatening ...Nf4+.} 49. Qe4 Qg6 50. Qf3 Qg5 51. Qe4 Ke7 52. Qh7+ Kd6 {...e5 is the strong threat.} 53. Qa7 {[#]} (53. Qe4 $11 {keeps the balance.}) 53... Ke5 $1 $17 54. Qc5 f5 55. Rd3 $2 {[%mdl 8192]} (55. Kf1 $17 {is a better chance.}) 55... Qxg4+ $19 {[%mdl 64] Double Attack} 56. Kf2 $2 (56. Rg3 Qe2+ 57. Kg1) 56... Qh4+ {Black is clearly winning.} 57. Ke2 {intending Re3+.} Qe4+ 58. Kd2 Qxb4+ 59. Qxb4 Nxb4 {KR-KN} 60. Rd8 Ke4 61. Kc3 Nd5+ 62. Kd2 e5 63. Ra8 Nb4 64. Kc3 Nd3 65. Rxa6 Ke3 {Accuracy: White = 38%, Black = 49%.} 0-1

[Event "Baku Open 2018"]
[Site "Baku"]
[Date "2018.11.25"]
[Round "2"]
[White "Isgandarov, Shahriyar"]
[Black "Aleksandrov, Aleksej"]
[Result "0-1"]
[WhiteElo "2125"]
[BlackElo "2599"]
[Annotator "RC"]
[PlyCount "70"]
[EventDate "2018.11.24"]
[EventType "swiss"]
[EventCountry "AZE"]
[SourceTitle "playchess.com"]
[Source "ChessBase"]
[SourceQuality "1"]
[TimeControl "40/5400+30:1800+30"]

1. e4 {[%emt 0:00:00]} e5 {[%emt 0:04:24]} 2. Nf3 {[%emt 0:00:00]} Nc6 {[%emt 0:00:05]} 3. d4 {[%emt 0:00:00]} exd4 {[%emt 0:00:09]} 4. Nxd4 {[%emt 0:00:01]} Nf6 {[%emt 0:00:09]} 5. Nc3 {[%emt 0:00:06]} Bb4 {[%emt 0:00:58]} 6. Nxc6 {[%emt 0:00:31]} bxc6 {[%emt 0:00:06]} 7. Bd3 {[%emt 0:00:07]} d5 {[%emt 0:00:08]} 8. exd5 {[%emt 0:02:19]} cxd5 {[%emt 0:00:19]} 9. O-O {[%emt 0:00:20]} O-O {[%emt 0:00:05]} 10. Bg5 {[%emt 0:00:18]} c6 {[%emt 0:00:06]} 11. Qf3 {[%emt 0:00:07]} Re8 {[%emt 0:08:04]} 12. h3 {[%emt 0:07:31]} Rb8 {[%emt 0:08:49]} 13. Ne2 {[%emt 0:04:56]} Bd6 {[%emt 0:00:11]} 14. Nd4 {[%emt 0:16:46]} Bd7 {[%emt 0:00:08]} 15. Rab1 {[%emt 0:01:02]} Be5 {[%emt 0:00:43]} 16. c3 {[%emt 0:03:39]} h6 {[%emt 0:04:04]} 17. Bh4 {[%emt 0:05:37]} Qa5 {[%emt 0:00:10]} 18. Nb3 {[%emt 0:08:33]} Qc7 {[%emt 0:12:48]} 19. Nc5 {[%emt 0:05:29]} Qd6 {[%emt 0:02:25]} 20. Nxd7 {[%emt 0:05:25]} Nxd7 {[%emt 0:00:22]} 21. Bc2 {[%emt 0:04:46]} g6 {[%emt 0:00:05]} 22. Qg4 {[%emt 0:05:23]} h5 {[%emt 0:02:40]} 23. Qd1 {[%emt 0:05:01]} Re6 {[%emt 0:03:16]} 24. Kh1 {[%emt 0:03:20]} Bf4 {[%emt 0:04:17]} 25. f3 {[%emt 0:05:07]} Rbe8 {[%emt 0:03:02]} 26. Qd3 {[%emt 0:05:04]} Ne5 {[%emt 0:03:04]} 27. Qd4 {[%emt 0:02:28]} Nc4 {[%emt 0:00:06]} 28. Rfe1 {[%emt 0:02:27]} Be3 {[%emt 0:00:15]} 29. Rxe3 {[%emt 0:03:47]} Rxe3 {[%emt 0:00:59]} 30. Qxa7 {[%emt 0:03:34]} Re2 {[%emt 0:05:50]} 31. Bd3 {[%emt 0:01:00]} Rxb2 {[%emt 0:01:07]} 32. Rd1 {[%emt 0:00:08]} Ne3 {[%emt 0:02:35]} 33. Rg1 {[%emt 0:00:58]} Rd2 {[%emt 0:05:10]} 34. Qa6 {[%emt 0:00:22]} Qf4 {[%emt 0:02:32]} 35. Be1 {[%emt 0:00:36]} Rxg2 {[%emt 0:00:19]} 0-1

[Event "Baku Open 2018"]
[Site "Baku"]
[Date "2018.11.25"]
[Round "2"]
[White "Janiashvili, Mariami"]
[Black "Gareyev, Timur"]
[Result "0-1"]
[WhiteElo "2108"]
[BlackElo "2584"]
[Annotator "TA"]
[PlyCount "52"]
[EventDate "2018.11.24"]
[EventType "swiss"]
[EventCountry "AZE"]
[SourceTitle "playchess.com"]
[Source "ChessBase"]
[SourceQuality "1"]

{[%evp 11,52,59,61,32,70,37,46,39,79,0,1,-20,-18,-22,1,-63,0,0,0,0,0,0,31,-266,-256,-252,-190,-183,-164,-412,-326,-333,-316,-890,-870,-808,-437,-752,-739,-898,-885,-937,-927]} 1. d4 f5 2. Nc3 d5 3. Bg5 c6 4. e3 g6 5. h4 h6 (5... Bg7 6. Bd3 Nf6 7. h5 Ne4 8. Bf4 Nd7 9. Nf3 Qa5 10. Bxe4 dxe4 11. Ng5 Nb6 12. hxg6 hxg6 13. Rxh8+ Bxh8 14. a3 {½-½ (75) Vitiugov,N (2742)-Bartel,M (2641) Dubai 2014}) 6. Bf4 {A80: Dutch Defence: Unusual White second moves} Nf6 {LiveBook: 5 Games} 7. f3 Be6 8. Bd3 $146 {White is slightly better.} ({Predecessor:} 8. Qd2 Nbd7 9. O-O-O b5 10. Kb1 Qb6 11. Nge2 a5 12. Nc1 Bg7 13. Rg1 {½-½ (42) Tozer,R (2255)-Nielsen,T Lyngby 1988}) 8... Nbd7 9. g4 c5 10. Nb5 (10. dxc5 $16 Nxc5 11. Nge2) 10... Rc8 $1 $11 {[%cal Rf5g4]} 11. dxc5 Bf7 {Strongly threatening ...fxg4.} 12. gxf5 gxf5 13. Bxf5 (13. Bh2 $11) 13... Qa5+ ({Black should play} 13... e6 $15 14. Bh3 Bxc5 15. Nd6+ Bxd6 16. Bxd6 Qb6) 14. Nc3 e6 15. Bh3 $1 Bxc5 16. Qd2 e5 17. Bxe5 $2 {[%mdl 8192] [#]} (17. Bh2 $14 {keeps the upper hand.}) 17... Nxe5 $19 18. Bxc8 Nc4 $36 {[%mdl 2048] Keeping White busy.} 19. Qd3 Ke7 ({Much less strong is} 19... Qc7 20. Nge2 $15) 20. Qf5 $2 (20. Bxb7 Rb8 21. Nge2 Rxb7 22. Nd4) 20... Qc7 {[#] Threatens to win with ...Qg3+.} 21. O-O-O Rxc8 ({Don't take} 21... Bxe3+ 22. Kb1 $19) 22. Nh3 $2 (22. Nge2 Nxe3 {[%mdl 64] Double Attack} 23. Qd3) 22... Bxe3+ {Black is clearly winning.} 23. Kb1 Qb6 {[%csl Gc4][%cal Rb6b2]} 24. b3 (24. Na4 $142 Qe6 25. Qxe6+ Bxe6 26. Nc3) 24... Be6 25. Qd3 Qb4 26. Ka1 Na3 {Accuracy: White = 26%, Black = 54%.} 0-1

[Event "Baku Open 2018"]
[Site "Baku"]
[Date "2018.11.25"]
[Round "2"]
[White "Tagirov, Izmir"]
[Black "Tsydypov, Zhamsaran"]
[Result "0-1"]
[WhiteElo "2050"]
[BlackElo "2530"]
[Annotator "TA"]
[PlyCount "130"]
[EventDate "2018.11.24"]
[EventType "swiss"]
[EventCountry "AZE"]
[SourceTitle "playchess.com"]
[Source "ChessBase"]
[SourceQuality "1"]

{[%evp 16,130,0,10,27,-2,0,-15,-11,-22,0,0,2,0,0,0,0,-74,-17,-35,-37,-38,-36,-36,-43,-30,-34,-27,-15,-96,-95,-95,-91,-88,-95,-81,-89,-93,-1,-102,-101,-123,-123,-182,-164,-207,-204,-221,-221,-252,-252,-252,-252,-258,-245,-325,-325,-325,-325,-918,-918,-673,-642,-500,-398,-546,-504,-689,-692,-618,-564,-659,-550,-5389,-10972,-7888,-7313,-3434,-5085,-29964,-29964,-29965,-29968,-29967,-29969,-29967,-29971,-29975,-29971,-29970,-29959,-29959,-29968,-29968,-29968,-29970,0,-5289,-6103,-1993,-1367,-1908,-1543,-29969,-29969,-29974,-29974,-29972,-29973,-29982,-29983,-29983,-29984,-29984,-29984,-29984,-29985]} 1. Nf3 d5 2. d4 Nf6 3. c4 e6 4. g3 Be7 5. Bg2 O-O 6. O-O c6 7. Nbd2 b6 8. Qc2 Bb7 9. b3 Na6 {E06: Closed Catalan: Early deviations} (9... a5 10. Bb2 Na6 11. Rfd1 Rc8 12. Rac1 h6 13. Qb1 Rc7 14. Ne5 Nd7 15. Ndf3 Nxe5 16. Nxe5 Bd6 17. e4 {½-½ (45) Yu,Y (2751)-Sargissian,G (2672) Riadh 2017}) 10. a3 c5 11. dxc5 Nxc5 {The position is equal.} 12. b4 Nce4 13. Nxe4 $146 ({Predecessor:} 13. Bb2 Rc8 14. Ne5 Qc7 15. Rac1 Rfd8 16. Rfd1 Bd6 {0-1 (31) Bellin,J (2205)-Flear,G (2505) Walsall 1992}) 13... Nxe4 14. cxd5 Bxd5 15. Bb2 Rc8 16. Qa4 (16. Qd3 $11) 16... Qc7 (16... Bf6 $1 $17 {[%cal Rf6b2]} 17. Bxf6 Qxf6 18. Qxa7 Nc3) 17. Rac1 Qb7 18. Rxc8 Rxc8 19. Rc1 Rxc1+ 20. Bxc1 Nc3 21. Qc2 Bf6 22. Bb2 {[#]} (22. Ne1 $11) 22... Nxe2+ $1 {[%mdl 512]} 23. Qxe2 {Hoping for Bxf6.} Bxb2 24. Qxb2 {Threatens to win with Ne1.} Bxf3 25. Bxf3 Qxf3 $17 {[%mdl 4096] Endgame KQ-KQ} 26. Qc2 {[%cal Rc2c8]} g5 ({Better is} 26... Qb7 $17) 27. Qc1 (27. Qc7 $1 $11) 27... h6 28. a4 Qb3 29. h4 (29. Qc8+ $17 Kg7 30. Qd7) 29... gxh4 $19 (29... Qxb4 30. hxg5 Qxa4 31. gxh6 $17) 30. Qxh6 {[#]} Qd1+ $1 ({Much less strong is} 30... Qxa4 31. Qg5+ Kf8 32. gxh4 $17) 31. Kh2 hxg3+ ({Don't do} 31... Qxa4 32. Qg5+ Kf8 33. gxh4 $17) 32. fxg3 Qxa4 33. Qg5+ Kf8 34. Qd8+ Qe8 35. Qf6 Qb5 36. Qd8+ Kg7 37. g4 $2 (37. Kg1) 37... Qe5+ 38. Kh3 Qd5 39. Qc7 Qd4 40. Qxa7 Qc3+ 41. Kh4 Qxb4 42. Qa1+ Kg6 43. Kg3 Qd6+ 44. Kh3 Qd3+ 45. Kh4 Qe4 46. Kg3 e5 47. Qa3 Qf4+ 48. Kh3 Kg5 49. Qe7+ Qf6 50. Qb7 Qf1+ 51. Kh2 Qf2+ 52. Kh3 Qh4+ 53. Kg2 Qxg4+ 54. Kf1 Qd1+ 55. Kg2 Qg4+ (55... Qe2+ $142 56. Kg3 Qe3+ 57. Kg2 e4 58. Qa8 f5 59. Qf8 Qd2+ 60. Kf1 Kg4 61. Qe8 Qd1+ 62. Kf2 Qf3+ 63. Ke1 f4 64. Qe6+ Kg3 65. Qg8+ Kh2 66. Qe6 Qg3+ 67. Kd1 e3 68. Qh6+ Kg1 69. Qe6 Qf2 70. Qg8+ Qg2 71. Qxg2+ Kxg2 72. Ke2 Kg3 73. Kd3 Kg2 74. Kc2 f3 75. Kd3 e2 76. Kd2 f2 77. Kxe2 f1=Q+ 78. Kd2 Qc4 79. Ke1 Kf3 80. Kd2 b5 81. Kd1 Ke3 82. Ke1 Qe2#) 56. Kf1 $1 Qc4+ 57. Ke1 Qb4+ 58. Kf2 Qd4+ 59. Kg3 Qe3+ {Black mates.} 60. Kh2 f5 61. Qg7+ Kf4 62. Qh6+ Kf3 63. Qh3+ Ke2 64. Qh5+ Kf2 65. Qh4+ {[#]} Kf1 $1 {Accuracy: White = 30%, Black = 72%.} 0-1